Ecuaciones diferenciales ordinarias y fundamentos del cálculo variacional

Gespeichert in:
Bibliographische Detailangaben
Hauptverfasser: Kartashov, A. P (VerfasserIn), Rozhdenstvenski, B. L (VerfasserIn)
Format: Buch
Sprache:Spanisch
Veröffentlicht: Barcelona Reverté 1980
Schlagworte:
Tags: Tag hinzufügen
Keine Tags, Fügen Sie den ersten Tag hinzu!

MARC

LEADER 00000nam a2200000 a 4500
001 UCW1312
003 CL-VaPUC
008 920113e19800000SP |||||||||||||||||spa|d
082 0 4 |a 515.352  |b KAR  |2 21 
100 |a Kartashov, A. P  |e author  |9 305241 
700 0 |a Rozhdenstvenski, B. L  |e author  |9 305242 
245 1 0 |a Ecuaciones diferenciales ordinarias y fundamentos del cálculo variacional 
300 |a 241 p 
942 |c BK 
945 |d 19920113 00:00:00  |a mfernand 
260 |a Barcelona  |b Reverté  |c 1980 
650 0 |a Ecuaciones diferenciales  |9 260083 
650 0 |a Cálculo  |9 260234 
583 |a last modification  |c 19920113 00:00:00  |k Rodrigo Vera 
999 |c 216227  |d 216225 
952 |0 0  |1 0  |4 0  |6 515_352000000000000_KAR_1980  |7 0  |8 A  |9 201741  |a BIBMAT  |b BIBMAT  |d 2019-11-14  |i 2689812  |o 515.352 KAR 1980  |p 2689812  |r 2025-01-07  |w 2019-11-14  |y BK  |k MAT 
952 |0 0  |1 0  |4 0  |6 515_352000000000000_KAR_1980  |7 0  |8 A  |9 201742  |a BIBMAT  |b BIBMAT  |d 2019-11-14  |i 3044238  |o 515.352 KAR 1980  |p 3044238  |r 2025-01-07  |w 2019-11-14  |y BK  |k MAT 
952 |0 0  |1 0  |4 0  |6 515_352000000000000_KAR_1980  |7 0  |8 A  |9 201743  |a BIBMAT  |b BIBMAT  |d 2019-11-14  |i 3044246  |o 515.352 KAR 1980  |p 3044246  |r 2025-01-07  |w 2019-11-14  |y BK  |k MAT 
952 |0 0  |1 0  |4 0  |6 515_352000000000000_KAR_1980  |7 0  |8 A  |9 201744  |a BIBMAT  |b BIBMAT  |d 2019-11-14  |i 3044254  |o 515.352 KAR 1980  |p 3044254  |r 2025-01-07  |w 2019-11-14  |y BK  |k MAT 
952 |0 0  |1 0  |4 0  |6 515_352000000000000_KAR_1980  |7 0  |8 A  |9 201745  |a BIBCUR  |b BIBCUR  |d 2019-11-14  |i 2894793  |o 515.352 KAR 1980  |p 2894793  |r 2025-04-22  |w 2019-11-14  |y BK  |k FIS 
952 |0 0  |1 0  |4 0  |6 515_352000000000000_KAR_1980  |7 0  |8 A  |9 201746  |a BIBCUR  |b BIBCUR  |d 2019-11-14  |i 2075830  |o 515.352 KAR 1980  |p 2075830  |r 2025-04-22  |w 2019-11-14  |y BK  |k FIS